| 000 | 00695nam a2200241 a 4500 | ||
|---|---|---|---|
| 005 | 20210219153419.0 | ||
| 008 | 991125n 000 0 u | ||
| 035 | _aUPN01000097853 | ||
| 100 | _aBeitchman, Joseph H. | ||
| 222 |
_aCHILD ABUSE AND NEGLECT : _bTHE INTERNATIONAL JOURNAL |
||
| 245 | _aA review of short-term effects of child sexual abuse / [et al.] | ||
| 300 | _a537-556 | ||
| 362 | _a15, No. 4, 1991 | ||
| 505 | _aMayo 1992 | ||
| 653 | 0 | _aABUSO SEXUAL | |
| 653 | 0 | _aCARACTERISTICAS PSICOLOGICAS | |
| 653 | 0 | _aNINO MALTRATADO | |
| 653 | 0 | _aVICTIMAS DEL CRIMEN | |
| 700 | _aZucker, Kenneth J. | ||
| 700 | _aHood, Jane E. | ||
| 904 |
_aAC _b035664 |
||
| 905 | _aArticulo | ||
| 999 |
_c76332 _d76332 |
||